00926nam a2200229 a 450000100100000000500170001000800410002702000150006804000250008324502040010826000380031230000210035050000380037150000290040970000280043870000370046670000270050370000350053004900090056595201050057499900170067900002298920200930021921.0101124s1999 ve r 000 | spa d a980317150x aDO-SdBNPbspacBNPHU10aPolítica social :bexclusión y Equidad en Venezuela durante los años noventa / coordinadores, Lourdes Alvarez, Helia Isabel del Rosario , Jesús Robles /cedicion al cuidado Helena González. aCaracas :bNueva Sociedad,c1999. a260 p. ;c23 cm. aIncluye notas al pie de páginas aIncluye lista de autores1 aAlvarez, Lourdes9472781 aRosario, Helia Isabel del9472791 aRobles, Jesús9472801 aGonzález, Helenaeed.919692 aBNGR 001050718MOaGRbGRcCTd2010-11-24iLF1l0o p22989-10r2020-06-25w2020-06-25y1ZNo se presta c22486d22486